000 00239nam a2200109Ia 4500
008 190216s9999||||xx |||||||||||||| ||und||
100 _aNull
245 0 _a"Al-Manhal Vol I,Ii"
260 _bAl Hind Book Stals
650 _aArabic
942 _cBK
999 _c164
_d164